Countries that recognize same sex marriage - Statistics

General Stats
  • This quiz has been taken 33 times
  • The average score is 23 of 28
Answer Stats
Continent Country % Correct
South America Brazil
97%
Europe France
97%
Europe Germany
97%
Europe Finland
94%
Europe Ireland
94%
Europe United Kingdom
94%
North America United States of America
94%
Oceania Australia
91%
Europe Belgium
91%
North America Canada
91%
Europe Denmark
91%
Africa South Africa
91%
South America Argentina
88%
Europe Norway
88%
Europe Sweden
88%
South America Colombia
84%
Europe Iceland
84%
Europe Portugal
84%
Europe Spain
84%
North America Mexico
81%
Europe the Netherlands
81%
Oceania New Zealand
75%
South America Uruguay
75%
Europe Luxembourg
72%
Europe Malta
66%
Asia Israel
63%
Europe Estonia
59%
Asia Armenia
47%
No matching quizzes found
Score Distribution
Percent of People with Each Score
Percentile by Number Answered
Your Score History
You have not taken this quiz